[Event "EU-ch U18"]
[Site "Herceg Novi"]
[Date "2005.09.22"]
[Round "8"]
[White "Llaneza Vega, Marcos"]
[Black "Teitelbaums, Aleksandrs"]
[Result "1-0"]
[WhiteElo "2351"]
[BlackElo "2195"]
[PlyCount "95"]
[EventDate "2005.09.14"]
[EventType "swiss"]
[EventRounds "9"]
[EventCountry "YUG"]
[SourceTitle "CBM 108 Extra"]
[Source "ChessBase"]
[SourceDate "2005.11.04"]
[SourceVersion "1"]
[SourceVersionDate "2005.11.04"]
[SourceQuality "1"]

1. e4 c5 2. Nf3 e6 3. d4 cxd4 4. Nxd4 a6 5. c4 Qc7 6. Nc3 Nf6 7. a3 b6 8. Be3 Bb7 9. f3 d6 10. Be2 Nbd7 11. Qd2 Be7 12. 0-0 0-0 13. Rac1 Rac8 14. Rfd1 Qb8 15. Bf1 Bd8 16. Qf2 Bc7 17. g4 Ne5 18. g5 Nfd7 19. Be2 Rfe8 20. b4 Bd8 21. Na4 Ba8 22. f4 Nc6 23. Nxc6 Bxc6 24. Nc3 Bb7 25. Rd2 f6 26. h4 Bc7 27. Rf1 Qa8 28. Bd3 Rf8 29. Qg3 Rce8 30. Bb1 Kh8 31. Rfd1 Qb8 32. Rg2 f5 33. Bc1 fxe4 34. Rf2 Re7 35. h5 Bc6 36. Qh4 Ree8 37. h6 g6 38. Qh3 Kg8 39. Bb2 b5 40. Nxe4 Rf5 41. Qc3 e5 42. cxb5 Bxb5 43. Qb3+ Kh8 44. fxe5 dxe5 45. Rxf5 gxf5 46. Qf7 Rg8 47. Rxd7 Qb6+ 48. Bd4 1-0

[Event "EU-ch U18"]
[Site "Urgup"]
[Date "2004.07.??"]
[Round "2"]
[White "Teitelbaums, Aleksandrs"]
[Black "Suajibi, Dritan"]
[Result "1-0"]
[WhiteElo "2190"]
[BlackElo "2074"]
[PlyCount "43"]
[EventDate "2004.08.??"]
[EventType "swiss"]
[EventRounds "9"]
[EventCountry "TUR"]
[SourceTitle "EXT 2005"]
[Source "ChessBase"]
[SourceDate "2004.11.15"]
[SourceVersion "1"]
[SourceVersionDate "2004.11.15"]
[SourceQuality "1"]

1. d4 Nf6 2. Nf3 e6 3. Bg5 b6 4. e3 Bb7 5. Nbd2 Be7 6. Bd3 c5 7. c3 Nc6 8. 0-0 cxd4 9. exd4 0-0 10. Nc4 Qc7 11. Ne3 Nh5 12. d5 exd5 13. Nxd5 Qd8 14. Nxe7+ Nxe7 15. Nd4 g6 16. f4 f6 17. Bh6 Ng7 18. f5 g5 19. h4 gxh4 20. Bc4+ Bd5 21. Bxd5+ Nxd5 22. Qb3 1-0

[Event "EU-ch U16"]
[Site "Budva"]
[Date "2003.09.13"]
[Round "1"]
[White "Balogh, Csaba"]
[Black "Teitelbaums, Aleksandrs"]
[Result "1-0"]
[WhiteElo "2463"]
[BlackElo "2171"]
[PlyCount "115"]
[EventDate "2003.09.13"]
[EventType "swiss"]
[EventRounds "9"]
[EventCountry "YUG"]
[SourceTitle "CBM 096 Extra"]
[Source "ChessBase"]
[SourceDate "2003.10.22"]
[SourceVersion "2"]
[SourceVersionDate "2003.10.20"]
[SourceQuality "1"]

1. e4 c5 2. Nf3 e6 3. d4 cxd4 4. Nxd4 a6 5. Be2 Nf6 6. Nc3 Bb4 7. 0-0 Qc7 8. Bg5 Bxc3 9. Bxf6 gxf6 10. bxc3 Qxc3 11. Rb1 Nc6 12. Nxc6 Qxc6 13. Qd4 e5 14. Qe3 d6 15. Rb6 Qc5 16. Qxc5 dxc5 17. Bc4 0-0 18. Rxf6 b5 19. Bd5 Ra7 20. Re1 Kg7 21. Rc6 c4 22. Re3 f6 23. Rg3+ Kh6 24. Ra3 Re7 25. Rb6 Rc7 26. Rb8 Kg7 27. h3 Re7 28. Rg3+ Kh6 29. Kf1 Rfe8 30. Rb6 Rf8 31. Rf3 Kg7 32. Ke1 f5 33. Rg3+ Kh8 34. exf5 Bxf5 35. Rf6 Ree8 36. Rxf8+ Rxf8 37. Rf3 Kg7 38. Kd2 Rd8 39. Rxf5 Rxd5+ 40. Kc3 Kg6 41. g4 Rd4 42. Rxe5 Rf4 43. Rf5 Re4 44. f3 Re3+ 45. Kb2 Re2 46. h4 Re3 47. h5+ Kg7 48. g5 Re2 49. f4 Re6 50. h6+ Kg6 51. Rf8 Rd6 52. Kc3 a5 53. Rb8 b4+ 54. Kxc4 Rc6+ 55. Kb3 Rc3+ 56. Kb2 Rc5 57. Rg8+ Kf5 58. g6 1-0